000 00792cam a22002533a 4500
001 9818
003 PGUSA
005 20140828083216.0
008 060201s2006||||xxu|||||s|||||000 | eng d
040 _aPGUSA
_beng
042 _adc
050 4 _aDC
100 1 _aMathiez, Albert,
_d1874-1932
245 1 0 _aLes grandes journées de la Constituante
_h[electronic resource] /
_cAlbert Mathiez
260 _bProject Gutenberg,
_c2006
506 _aPublic domain in the USA.
516 _aElectronic text
653 _aFrance -- History -- Revolution, 1789-1799
653 _aFrance. Assemblée nationale constituante, 1789-1791
740 0 _aLes grandes journees de la Constituante
830 0 _aProject Gutenberg
_v9818
856 4 0 _uhttp://www.gutenberg.org/ebooks/9818
942 _cEB
999 _c239074
_d239074